| 000 | 01482nam0a2200325 4500 | ||
|---|---|---|---|
| 001 | RU\NLR\bibl\1102265 | ||
| 005 | 20250615055320.0 | ||
| 010 |
_a5-9616-0196-X _9500 |
||
| 021 |
_aRU _b2007-33597 _91784 |
||
| 035 | _a(NLR Aleph) 001089352 | ||
| 090 |
_a1108411 _c1108411 |
||
| 100 | _a20070625d2007 |||y0rusy50 ca | ||
| 101 | 0 | _arus | |
| 102 | _aRU | ||
| 105 | _aa ||||||||| | ||
| 200 | 1 |
_aКурс общей физики _eв вопросах и задачах _fЛ.С. Кудин, Г.Г. Бурдуковская _gМ-во образования и науки Рос. Федерации, Федер. агентство по образованию, ГОУВПО "Иван. гос. хим.-технол. ун-т" |
|
| 210 |
_aИваново _cГОУ ВПО Ивановский государственный химико-технологический университет _d2007 |
||
| 215 |
_a183 с. _cил. _d21 |
||
| 320 | _aБиблиогр.: с. 180 (9 назв.) | ||
| 606 | 1 |
_aФизика _jЗадачники _9898198 _3RU\NLR\auth\665898 |
|
| 686 | _aВ3я73-4 | ||
| 700 | 1 |
_aКудин _bЛ. С. _gЛев Семенович _4070 |
|
| 701 | 1 |
_4070 _aБурдуковская _bГ. Г. _cканд. хим. наук _gГалина Геннадьевна _9226086 _3RU\NLR\AUTH\770226142 |
|
| 801 | 0 |
_aRU _bNLR _c20070625 _gRCR |
|
| 801 | 1 |
_aRU _bNLR _c20070625 |
|
| 830 | _aАвт. по кн. | ||
| 942 | _cBOOK | ||
| 980 | _aNB | ||